000 00503nam a2200169Ia 4500
999 _c21384
_d21384
003 OSt
005 20200615130206.0
008 190216s9999||||xx |||||||||||||| ||und||
020 _a9788170333555
040 _coclc
082 _a301.440954
_bKOL/C
100 _aKolenda, Pauline
_92901
245 0 _aCaste In Contemporary India /
_cPauline Kolenda
260 _bRawat Publications,
_c2006.
_aJaipur:
300 _a181p
942 _cBK
_2ddc
_h301.440954
_iKOL/C
_k301.440954
_mKOL/C